[Event "Santo Domingo op11"]
[Site "Santo Domingo"]
[Date "2017.11.26"]
[Round "8"]
[White "Puntier Andujar, Fausto Jiovanny"]
[Black "Valdespina Agramonte, Anthony Jo"]
[Result "1-0"]
[WhiteElo "2140"]
[BlackElo "1961"]
[PlyCount "85"]
[EventDate "2017.11.17"]
[EventType "swiss"]
[EventRounds "8"]
[EventCountry "DOM"]
[SourceTitle "CBM 181 Extra"]
[Source "ChessBase"]
[SourceDate "2017.12.12"]
[SourceVersion "1"]
[SourceVersionDate "2017.12.12"]
[SourceQuality "1"]

1. Nf3 Nf6 2. c4 e6 3. d4 d5 4. g3 Be7 5. Bg2 0-0 6. 0-0 dxc4 7. Qc2 a6 8. Qxc4 b5 9. Qc2 Bb7 10. Bd2 Nbd7 11. Ba5 Nb6 12. Nbd2 Rc8 13. b4 g5 14. e3 h6 15. Ne5 Bxg2 16. Kxg2 Bd6 17. Nd3 Qe8 18. Rac1 e5 19. dxe5 Bxe5 20. Nxe5 Qxe5 21. Qc5 Qe6 22. Qc6 Rfd8 23. Qxe6 fxe6 24. Bxb6 cxb6 25. Nf3 Rc4 26. Ne5 Re4 27. Nc6 Rd2 28. Rfd1 Rxd1 29. Rxd1 Nd5 30. a3 Rc4 31. Nd8 Rc2 32. Rd3 Nf6 33. Nxe6 Ng4 34. Rd6 Rxf2+ 35. Kg1 Ra2 36. Rxb6 Rxa3 37. e4 Ra4 38. h3 Rxb4 39. hxg4 Rxe4 40. Rxa6 Rxg4 41. Kf2 Rc4 42. Kf3 b4 43. Rb6 1-0